000 00288nam a2200097Ia 4500
082 _a598.2968 CALT
245 0 _aKnow your water birds ; river & estuary birds - coastal birds
100 _a Caltex South Africa, ?
_985340
942 _cBK
008 210817s9999 xx 000 0 und d
999 _c318610
_d318608